|
|
|
|
| LEADER |
01138cam a22003134a 4500 |
| 001 |
AAL5222 |
| 003 |
BD-DhAAL |
| 005 |
20160421105234.0 |
| 008 |
160421s1998 ne b 000 0 eng |
| 010 |
|
|
|a 00458417
|
| 020 |
|
|
|a 9055891401 (pbk.)
|
| 040 |
|
|
|a DLC
|c DLC
|d DLC
|d BD-DhAAL
|
| 050 |
0 |
0 |
|a RG133.5
|b .B495 1998
|
| 082 |
|
|
|a 612.6/07/2
|
| 245 |
0 |
0 |
|a Beyond rhetoric :
|b participatory research on reproductive health /
|c edited by Anita Hardon.
|
| 260 |
|
|
|a Amsterdam :
|b Het Spinhuis,
|c 1998.
|
| 300 |
|
|
|a 148 p. ;
|c 23 cm.
|
| 440 |
|
0 |
|a Current reproductive health concerns
|9 19169
|
| 504 |
|
|
|a Includes bibliographical references.
|
| 541 |
|
|
|e 5222
|
| 650 |
|
0 |
|a Reproductive health
|x Research.
|9 19170
|
| 650 |
|
0 |
|a Human reproductive technology
|x Research.
|9 19171
|
| 650 |
|
4 |
|a Public Health
|9 19172
|
| 651 |
|
4 |
|a Developing countries
|9 19173
|
| 700 |
1 |
|
|a Hardon, Anita.
|9 19174
|
| 852 |
|
|
|a Savar Campus Library
|c General Shelf
|
| 942 |
|
|
|2 ddc
|c BK
|
| 999 |
|
|
|c 37455
|d 37455
|
| 952 |
|
|
|0 0
|1 0
|2 ddc
|4 0
|6 612_600000000000000_07_2_BEY
|7 0
|9 58812
|a SCL
|b SCL
|c GEN
|d 2016-04-21
|l 0
|o 612.6072 BEY
|p 3020005222
|r 2016-04-21
|t 1
|w 2016-04-21
|y BK
|